Transmisor de velocidad para el conjunto motor generador

שמור ב:
מידע ביבליוגרפי
מחבר ראשי: Navarro Retana, Rodolfo
פורמט: ספר
יצא לאור: 2008
נושאים:
תגים: הוספת תג
אין תגיות, היה/י הראשונ/ה לתייג את הרשומה!

MARC

LEADER 00000nam a2200000Ia 4500
003 010343
005 20221231144059.0
008 140114s2008 cr a 000 ||s d
040 |c cru CEDI  
100 |a Navarro Retana, Rodolfo   |9 4314 
245 |a Transmisor de velocidad para el conjunto motor generador  
260 |c 2008 
300 |a viii, 27, [13] hojas 
500 |a Proyecto de graduación (bachiller en ingeniería eléctrica)--Universidad de Costa Rica. Facultad de Ingeniería. Escuela de Ingeniería Eléctrica 
650 |x DISPOSITIVOS ELECTROMECANICOS  |x  MOTORES ELECTRICOS  |x CONTROLADORES PID   |x CONVERTIDORES DE CORRIENTE ELECTRICA   |x  VELOCIDAD   |9 4315 
942 |c TFG 
999 |c 16596  |d 16596